The Japanese auto industry and the U.S. market

Enregistré dans:
Détails bibliographiques
Auteur principal: Chang, C.S.
Format: Livre
Langue:Undetermined
Publié: New York, NY Praeger 1981
Sujets:
Tags: Ajouter un tag
Pas de tags, Soyez le premier à ajouter un tag!
Thư viện lưu trữ: Trung tâm Học liệu Trường Đại học Cần Thơ
LEADER 00558nam a2200193Ia 4500
001 CTU_99293
008 210402s9999 xx 000 0 und d
082 |a 382.456292 
082 |b C454 
100 |a Chang, C.S. 
245 4 |a The Japanese auto industry and the U.S. market 
245 0 |c C.S. Chang 
260 |a New York, NY 
260 |b Praeger 
260 |c 1981 
650 |a Automobile industry and trade,Automobile industry and trade 
650 |z Japan,United states 
904 |i Năm 
980 |a Trung tâm Học liệu Trường Đại học Cần Thơ